00372nam a2200133Ia 4500008004100000020001500041041001200056082001600068100002000084245008500104260002500189300000800214650001600222221030s9999 xx 000 0 und d a8120308484 aEnglish a105.23bRaf aM. Rafiquzzaman 0aMicroprocessors : Theory & Applications (Intel and Motorala)cby M. Rafiquzzaman bPHIaNew Delhic1999 a468 aBE Computer